Ethnic groups in Kenya - Statistics

General Stats
  • This quiz has been taken 24 times
    23 since last reset
  • The average score is 11 of 32
Answer Stats
Family Population Ethnicity % Correct
Afroasiatic (Cushitic) 2.78 million Somali
94%
Niger-Congo (Bantu) 8.15 million Kikuyu
75%
Nilo-Saharan (Eastern Sudanic) 1.19 million Maasai
75%
Nilo-Saharan (Eastern Sudanic) 5.07 million Luo
69%
Niger-Congo (Bantu) 160 k Swahili
63%
Nilo-Saharan (Eastern Sudanic) 6.36 million Kalenjin
56%
Afroasiatic (Semitic) 59 k Arab
50%
Niger-Congo (Bantu) 6.82 million Luhya
50%
Afroasiatic (Cushitic) 740 k Oromo
50%
Indo-European (Hellenic) 1 k Greek
44%
Indo-European (Indo-Aryan) 100 k Indian
44%
Niger-Congo (Bantu) 4.66 million Kamba
44%
Nilo-Saharan (Eastern Sudanic) 1.02 million Turkana
44%
Niger-Congo (Bantu) 2.80 million Kisii
38%
Niger-Congo (Bantu) 2.19 million Meru
38%
Nilo-Saharan (Eastern Sudanic) 333 k Samburu
38%
Sino-Tibetan (Sinitic) 50 k Chinese
31%
Niger-Congo (Bantu) 608 k Embu
25%
Indo-European (Romance) 15 k Italian
25%
Niger-Congo (Bantu) 2.49 million Mijikenda
25%
Afroasiatic (Cushitic) 96 k Rendille
25%
Afroasiatic (Cushitic) 10 k Dahalo
19%
Afroasiatic (Cushitic) 20 k Aweer
13%
Indo-European (Germanic) 26 k Briton
13%
Niger-Congo (Bantu) 314 k Kuria
13%
Niger-Congo (Bantu) 112 k Pokomo
13%
Niger-Congo (Bantu) 158 k Suba
13%
Niger-Congo (Bantu) 370 k Taita
13%
Niger-Congo (Bantu) 26 k Taveta
13%
Afroasiatic (Cushitic) 19 k Daasanach
6%
Afroasiatic (Cushitic) 2 k El Molo
6%
Niger-Congo (Bantu) 22 k Ilwana
0%
No matching quizzes found
Score Distribution
Percent of People with Each Score
Percentile by Number Answered
Your Score History
You have not taken this quiz since the last reset